Plan de auscultación para algunas de las obras geotécnicas en la Ruta Nacional 35, tramo Sifón-La Abundancia
שמור ב:
| מחבר ראשי: | |
|---|---|
| מחברים אחרים: | |
| פורמט: | ספר |
| שפה: | Spanish |
| נושאים: | |
| תגים: |
הוספת תג
אין תגיות, היה/י הראשונ/ה לתייג את הרשומה!
|
MARC
| LEADER | 00000nam a22000007a 4500 | ||
|---|---|---|---|
| 003 | 013063 | ||
| 005 | 20230427102953.0 | ||
| 008 | 190517b2019 c a|||| |m|| 00| ||spa d | ||
| 040 | |c cru CEDI | ||
| 100 | |9 448 |a Cordero Arguedas, Juan Ignacio, 1994- | ||
| 245 | |a Plan de auscultación para algunas de las obras geotécnicas en la Ruta Nacional 35, tramo Sifón-La Abundancia | ||
| 500 | |a Proyecto de graduación (licenciatura en ingeniería civil)--Universidad de Costa Rica. Facultad de Ingeniería. Escuela de Ingeniería Civil. | ||
| 501 | |a Directora de Proyecto de Graduación: Ing. Marcia Cordero Sandí, M.Ing. | ||
| 650 | |x ESTRUCTURA DE SUELOS |x GEOTECTONICA |x INGENIERÍA DE ESTRUCTURAS |x CARRETERA SIFON-LA ABUNDANCIA |x TALUDES (GEOGRAFIA FISICA) |x MECANICA DE SUELOS |x ANALISIS ESTRUCTURAL (INGENIERIA) | ||
| 700 | |9 449 |a Cordero Sandí, Marcia, 1969- |d Directora del TFG | ||
| 942 | |c CEDI |h TFG 8213 |6 TFG_8213_000000000000000 | ||
| 999 | |c 21705 |d 21705 | ||
